000 00905nam a22002297a 4500
008 230322b |||||||| |||| 00| 0 eng d
020 _a9789937124027
041 _aNep.
082 _aN025.042/B659d
100 _aबराल, रविराज
245 _aडिजिटल साक्षरता.
260 _as.l.:
_bआन्तरिक मामिला तथा कानुन मन्त्रालय,
_c२०७९ वि.
300 _b१३०पृ.
504 _aसन्दर्भग्रन्थसुची संलग्न
650 _aकम्प्युटर साक्षरता
650 _aसामाजिक सञ्जाल
650 _aइन्टरनेट
650 _aअल्गोरिदम
700 _aपोखरेल, प्रमोद
700 _aपौडेल,अजयमणि
942 _2ddc
_cGEN
999 _c108507
_d108495